Library Catalog

How Solidarity Works for Welfare: Subnationalism and Social Development in India (Cambridge Studies in Comparative Politics)/ (Record no. 492396)

MARC details
000 -LEADER
fixed length control field 01103nam a22002177a 4500
003 - CONTROL NUMBER IDENTIFIER
control field OSt
005 - DATE AND TIME OF LATEST TRANSACTION
control field 20260427093500.0
008 - FIXED-LENGTH DATA ELEMENTS--GENERAL INFORMATION
fixed length control field 260427b |||||||| |||| 00| 0 eng d
020 ## - INTERNATIONAL STANDARD BOOK NUMBER
International Standard Book Number 9781107697454
040 ## - CATALOGING SOURCE
Original cataloging agency Kenya National Library Service
082 ## - DEWEY DECIMAL CLASSIFICATION NUMBER
Classification number 306.0954 SIN
100 ## - MAIN ENTRY--PERSONAL NAME
Personal name Singh, Prerna.
Relator term author
245 ## - TITLE STATEMENT
Title How Solidarity Works for Welfare: Subnationalism and Social Development in India (Cambridge Studies in Comparative Politics)/
Statement of responsibility, etc. Prerna Singh
300 ## - PHYSICAL DESCRIPTION
Extent xix, 332 pages ;
Dimensions 23 cm
520 ## - SUMMARY, ETC.
Summary, etc. Why are some places in the world characterized by better social service provision and welfare outcomes than others? In a world in which millions of people, particularly in developing countries, continue to lead lives plagued by illiteracy and ill-health, understanding the conditions that promote social welfare is of critical importance to political scientists and policy makers alike.
650 ## - SUBJECT ADDED ENTRY--TOPICAL TERM
Topical term or geographic name entry element Nationalism — India
650 ## - SUBJECT ADDED ENTRY--TOPICAL TERM
Topical term or geographic name entry element Social policy — India
942 ## - ADDED ENTRY ELEMENTS (KOHA)
Source of classification or shelving scheme Dewey Decimal Classification
Koha item type Books
Suppress in OPAC No
Holdings
Withdrawn status Source of classification or shelving scheme Damaged status Not for loan Home library Current library Date acquired Cost, normal purchase price Total checkouts Full call number Barcode Date last seen Price effective from Koha item type
  Dewey Decimal Classification     Nakuru Library Acquisition, Cataloguing, Classification and Distribution Development 04/27/2026 2199.00   306.0954 SIN B227364 04/27/2026 04/27/2026 Books

© 2025, Kenya National Library Service | Designed & Maintained by Uvumbuzi Center